000 01823cam a2200181 a 4500
999 _c2197
_d2197
020 _a0273651773 (pbk.)
020 _a9780273651772
050 0 0 _aHF5549.5.E45
_bE38
100 1 _aEdwards, Tony,
245 1 0 _aInternational human resource management :
_bglobalization, national systems and multinational companies /
_cTony Edwards and Chris Rees.
260 _aHarlow ;
_aNew York :
_bFinancial Times Prentice Hall,
_c2006.
300 _axix, 310 p. :
_bcol. ill. ;
_c24 cm.
500 _aIncludes index
505 _a1. Globalization and international management / Chris Rees and Tony Edwards -- 2. National systems and management action / Chris Rees and Tony Edwards -- 3. The internationalization of the firm / Tony Edwards and Chris Rees -- 4. International strategy and structure in multinational companies / Tony Edwards and Chris Rees -- 5. The transfer of human resource practices in multinational companies / Tony Edwards and Chris Rees -- 6. Cross-border mergers and acquisitions / Tony Edwards and Chris Rees -- 7. Internationalization and developing countries : the case of China / Miao Zhang, Tony Edwards and Christine Edwards -- 8. Knowledge management and international human resource management / Stephen Gourlay -- 9. International management development / Jean Woodall -- 10. Recruitment and selection of international managers / Fiona Moore -- 11. International pay and reward / Guy Vernon -- 12. International employee representation -- a case of industrial relations systems following the market? / Keith Sisson -- 13. International corporate social responsibility and employment relations / Sanjiv Sachdev -- 14. Conclusion and looking ahead / Tony Edwards and Chris Rees.
650 0 _aInternational business enterprises
_xPersonnel management.
700 1 _aRees, Chris,
942 _cBK